00537cam a2200169 a 4500008004100000020002500041100002200066245010900088260003600197300003300233500002000266650002400286650003000310003000100340005001700341040000900358  a9781408100721 (pbk.)1 aHolden, Philip R.10aVirtually free marketing :bharnessing the power of the Web for your small business /cPhilip R. Holden. aLondon :bA. & C. Black,c2008. axi, 257 p. :bill. ;c20 cm. aIncludes index. 0aInternet marketing. 0aSmall business marketing.20230123122218.0 cNUST